000 01055nam a2200229Ia 4500
003 Ost
005 20260507074934.0
008 260507s9999||||xx |||||||||||||| ||und||
020 _a9789957117085
040 _cfsecg
041 _aara
082 _a519.5
100 _aجودة، محفوظ أحمد
_eمؤلف
245 0 _aالتحليل الاحصائي الاساسي باستخدام SPSS /
_c محفوظ أحمد جودة
260 _aعمان:
_bدار وائل للنشر,
_c2008
300 _a346 صفحة؛
_c24 سم
504 _aبيبليوغرافيا ص.345
520 _aمفاهيم أساسية في الإحصاء ، التعامل مع spss،التعامل مع البيانات ، الاحصاءات الوصفية ، مقارنة المتوسطات ، الرسوم البيانية من خلال graphs، تحليل التباين ، الارتباط والانحدار ، ثبات أداة قياس
653 _aالاحصاء-معالجة البيانات
653 _aتحليل احصائي
942 _cكتاب
999 _c41869
_d41869